Das Sowjetunion-Quiz - Mehrfachauswahl - Statistiken

Allgemein
  • Dieses Quiz wurde 429 mal gespielt
  • Das Durchschnittsergebnis liegt bei 16 aus 21
Antwortstatistiken
Frage Antwort % Korrekt
Wie hieß die Geheimpolizei der Sowjetunion? KGB
93%
Wie hießen die Zwangsarbeitslager (oder genauer gesagt die für sie zuständige Regierungsbehörde) in der Sowjetunion? Gulag
91%
Wer war der erste sowjetische Führer? Wladimir Iljitsch Lenin
91%
Was war die Hauptstadt der Sowjetunion? Moskau
88%
Wer war der erste Mann im Weltraum ? Juri Gagarin
86%
In welchem modernen Land befindet sich Tschernobyl , der Ort der Katastrophe / des Unfalls des Atomkraftwerks von 1986? Ukraine
86%
Wann hat sich die Sowjetunion endlich aufgelöst ? 1991
84%
Die Sowjetunion befand sich von Dezember 1979 bis Februar 1989 im Krieg mit ...? Afganistan
84%
Wie würden sie ihre sowjetischen Raumfahrer nennen? Kosmonaut
84%
Was war die Währung der Sowjetunion? Sowjetischer Rubel
84%
Wer war der am längsten amtierende sowjetische Führer? Josef Wissarionowitsch Stalin
83%
Wie hieß Sankt Petersburg während des größten Teils der Sowjetunion? Leningrad
78%
Wer war der letzte sowjetische Führer ? Michail Sergejewitsch Gorbatschow
78%
Wessen Mausoleum befindet sich auf dem Roten Platz? Wladimir Iljitsch Lenin
78%
Wie hießen die Kollektivfarmen in der Sowjetunion? Kolchos
74%
Was ist das berühmteste, was in diesem Mausoleum ausgestellt ist? Sein erhaltener Körper
72%
Was war das nationale Motto der Sowjetunion? Proletarier aller Länder, vereinigt Euch!
71%
Die Sowjetunion war Gastgeber der Olympischen Sommerspiele in ....? 1980
62%
Was war die Nationalhymne der Sowjetunion? "Die Internationale "
52%
Wie lange war dieser am längsten amtierende sowjetische Regierungschef an der Macht ? 29 Jahre
40%
Wie hieß seine Kapsel ? Wostok 1
29%
Keine übereinstimmenden Quizze gefunden
Verteilung der Resultate
Anzahl Personen mit jedem Resultat
Perzentil nach korrekt beantworteten Fragen
Ihre Resultats-Entwicklung
Sie haben dieses Quiz noch nicht gespielt